LIBRARY & INFORMATION CENTRE, KCAET, TAVANUR

ONLINE PUBLIC ACCESS CATALOGUE (OPAC)

Mental Hygiene / (Record no. 1153)

MARC details
000 -LEADER
fixed length control field 00356cam a2200145ua 4500
041 ## - LANGUAGE CODE
Language code of text/sound track or separate title eng
082 ## - DEWEY DECIMAL CLASSIFICATION NUMBER
Classification number 613
Item number CAR/ME
100 ## - MAIN ENTRY--AUTHOR NAME
Personal name Carroll, Herbert.A .
245 ## - TITLE STATEMENT
Title Mental Hygiene /
260 ## - PUBLICATION, DISTRIBUTION, ETC. (IMPRINT)
Place of publication :
Name of publisher Englewood cliffs ,N.J, ,
Year of publication 1961.
300 ## - PHYSICAL DESCRIPTION
Number of Pages 428 ; .
942 ## - ADDED ENTRY ELEMENTS (KOHA)
Koha item type Books
Holdings
Withdrawn status Lost status Damaged status Home library Current library Date acquired Full call number Accession Number Koha item type
      KAUAET KAUAET 07/04/2012 613 583 Books
free website counter